000 00741nam a2200289 a 4500
020 _a0080408435 (Hardcover)
020 _a0080408443 (Flexicover)
040 _cWU
082 0 0 _a636 PER 1993 C148 Or.
245 0 4 _aThe Waltham book of companion animal nutrition /
250 _a1st ed.
260 _aOxford ;
_aNew York :
_bPergamon Press,
_c1993.
300 _axiii, 136 p. :
_bill. ;
_c24 cm.
500 _a"Formerly The Waltham Book of Dog & Cat Nutrition."--t.p.
650 0 _aDogs
650 0 _aCats
650 0 _aDogs
650 0 _aCats
650 2 _aAnimal Nutrition
650 2 _aBirds
650 2 _aCats
650 2 _aDogs
650 2 _aFishes
650 2 _aHorses
700 1 _aBurger, I. H.
942 _cAEDBB
999 _c18573
_d18573